00685nam a22001337a 450000500170000000800410001702000180005808200170007610000200009324500370011326000440015030000130019450003440020720240611060627.0240611b |||||||| |||| 00| 0 eng d a9780670089635 222a823bARU aRoy, Arundhati  aThe Ministry of utmost happiness aIndiabPenguin Random House Indiac2017 a445 p ., aThe Ministry of utmost Happiness takes us on a journey of many years - the story spooling outwards from the cramped neighborhoods of old Delhi into the burgeoning new metropolis and beyond, to the valley of Kashmir and the forests of central India, where war is peace and peace is war, and where, from time to time, 'normalcy' is declared.